| 000 | 00616nam a2200181 a 4500 | ||
|---|---|---|---|
| 001 | 000034721 | ||
| 005 | 20240510073817.0 | ||
| 008 | 111019s1957 ag 000 0 spa d | ||
| 040 |
_aDO-SdBNP _bspa _cBNPHU |
||
| 082 |
_a100 _bP769p |
||
| 100 | 1 |
_aPolitzer, Georges, _d1903-1942 _960180 |
|
| 245 | 1 | 0 |
_aPrincipios elementales de filosofía / _cGeorges Politzer. |
| 260 |
_aBuenos Aires, Argentina : _bEdiciones Inca, _c1957. |
||
| 300 |
_a176 p. ; _c21 cm. |
||
| 590 | _aPerteneció a la biblioteca personal de Juan Isidro Jimenes Grullón | ||
| 650 | 0 |
_aFilosofía _9813 |
|
| 910 | _aValidado. Control de calidad MFF | ||
| 999 |
_c34212 _d34212 |
||